Study of importance and catch of small-sized fish in tonle sap river kandal province phnom penh, ការសិក្សាពីសារៈសំខាន់និងផលចាប់ត្រីល្អិតតាមដងទន្លេសាផ ខេត្តកណ្ដាល ក្រុងភ្នំពេញ (Record no. 3890)

000 -LEADER
fixed length control field 00693nam a22001577a 4500
003 - CONTROL NUMBER IDENTIFIER
control field OSt
005 - DATE AND TIME OF LATEST TRANSACTION
control field 20151203085150.0
008 - FIXED-LENGTH DATA ELEMENTS--GENERAL INFORMATION
fixed length control field 151203b xxu||||| |||| 00| 0 eng d
040 ## - CATALOGING SOURCE
Transcribing agency RUA
082 ## - DEWEY DECIMAL CLASSIFICATION NUMBER
Classification number FIS CHU 2008 B180 Or.1
100 ## - MAIN ENTRY--PERSONAL NAME
9 (RLIN) 4177
Personal name CHUOP, SONIVORTH.
245 ## - TITLE STATEMENT
Title Study of importance and catch of small-sized fish in tonle sap river kandal province phnom penh, ការសិក្សាពីសារៈសំខាន់និងផលចាប់ត្រីល្អិតតាមដងទន្លេសាផ ខេត្តកណ្ដាល ក្រុងភ្នំពេញ
260 ## - PUBLICATION, DISTRIBUTION, ETC. (IMPRINT)
Place of publication, distribution, etc. Phnom Penh
Name of publisher, distributor, etc. RUA
Date of publication, distribution, etc. 2008
300 ## - PHYSICAL DESCRIPTION
Extent xii; 48p.
Other physical details ill.
Dimensions 29cm.
942 ## - ADDED ENTRY ELEMENTS (KOHA)
Source of classification or shelving scheme
Koha item type FIS
Holdings
Price effective from Date last seen Permanent Location Not for loan Date acquired Source of classification or shelving scheme Koha item type Lost status Withdrawn status Date last checked out Total Checkouts Shelving location Damaged status Barcode Current Location Full call number
2015-12-032016-04-05Library Block B 2015-12-03 FIS  2016-03-032B180 RUA019700Library Block BFIS CHU 2008 B180 Or.1
2015-12-032015-12-03Library Block B 2015-12-03 FIS    B180 RUA019629Library Block BFIS CHU 2008 B180 Or.2
2015-12-032015-12-03Library Block B 2015-12-03 FIS    B180 RUA019701Library Block BFIS CHU 2008 B180 Or.3
2015-12-032026-02-13Library Block B 2015-12-03 FIS  2026-02-031B180 RUA019861Library Block BFIS CHU 2008 B180 Or.4
2015-12-032015-12-03Library Block B 2015-12-03 FIS    B180 RUA019933Library Block BFIS CHU 2008 B180 Or.5
2019-03-262019-03-26Library Block B 2019-03-26 FIS    B1.226 A40308Library Block BFIS CHU 2008 B1.226 Or.1
មជ្ឈមណ្ឌលឯការនៃសាកលវិទ្យាល័យភូមិន្ទកសិកម្មចំការដូង

Powered by Koha